History Quiz

Random History Quiz

HCHS Chairmen of the Federal Reserve Quiz Stats

 Plays Quiz not verified by Sporcle

Challenge
Share
Tweet
Embed
Score 0/15 Timer 10:00
0 Plays Today
Years Served Fed Chair % Correct
1987-2006Alan Greenspan
95.7%
2014-presentJanet Yellen
95.7%
2006-2014Ben Bernanke
87%
1979-1987Paul Volcker
69.6%
1914-1916Charles Hamlin
65.2%
1916-1922William Harding
56.5%
1923-1927Daniel Crissinger
56.5%
1930-1933Eugene Meyer
56.5%
Years Served Fed Chair % Correct
1927-1930Roy Young
47.8%
1933-1934Eugene Black
47.8%
1970-1978Arthur Burns
39.1%
1934-1948Marriner Eccles
34.8%
1951-1970William Martin
34.8%
1978-1979G William Miller
34.8%
1948-1951Thomas McCabe
26.1%

You're not logged in!

Compare scores with friends on all Sporcle quizzes.
OR
Log In

You Might Also Like...

Show Comments

Extras

Top Quizzes Today


Score Distribution

Your Account Isn't Verified!

In order to create a playlist on Sporcle, you need to verify the email address you used during registration. Go to your Sporcle Settings to finish the process.

Report this User

Report this user for behavior that violates our Community Guidelines.

Details: